भारत की गरिमामयी नारियाँ / (Record no. 165156)

MARC details
000 -LEADER
fixed length control field 00825nam a22001817a 4500
010 ## - LCCN (DPL NO)
LC control number HIN-116276 HIN-125737
020 ## - INTERNATIONAL STANDARD BOOK NUMBER
Terms of availability 595.00
International Standard Book Number 8170434068
035 ## - SYSTEM CONTROL NUMBER
System control number HN-88622 HN-98083
037 ## - SOURCE OF ACQUISITION
Source of stock number/acquisition DBAD/PUB
082 ## - DEWEY DECIMAL CLASSIFICATION NUMBER
Classification number 305.4
100 ## - MAIN ENTRY--PERSONAL NAME
Personal name चौहान,लालबहादुर सिंह
245 ## - TITLE STATEMENT
Title भारत की गरिमामयी नारियाँ /
Statement of responsibility, etc लालबहादुर सिंह चौहान
246 ## - VARYING FORM OF TITLE
Title proper/short title Bharat Ke Garimamaye Nariyan /
260 ## - PUBLICATION, DISTRIBUTION, ETC. (IMPRINT)
Place of publication, distribution, etc दिल्ली
Name of publisher, distributor, etc आत्माराम एण्ड संस
Date of publication, distribution, etc 2017
270 ## - ADDRESS
Address 1376,कश्मीरी गेट,
City दिल्ली
Telephone number 011-2394466
Postal code 110006
Electronic mail address atmaram-books@hotmail.com
300 ## - PHYSICAL DESCRIPTION
Extent 260पृ.
Dimensions 21सेमी(सजिल्द)
942 ## - ADDED ENTRY ELEMENTS (KOHA)
Source of classification or shelving scheme Dewey Decimal Classification
Item type Hindi Books
Classification part 305.4
Call number suffix चौहान
Holdings
Withdrawn status Lost status Not for loan Collection code Home library Current library Date acquired Source of acquisition Cost, normal purchase price Full call number Barcode Copy number Cost, replacement price Koha item type
      Non-fiction Central Jail Tihar Central Jail Tihar 31/08/2023 DBAD/PUB 795.00 305.4 चौहान HN-98083 1 795.00 Hindi Books
      Non-fiction Central Library Central Library 10/06/2019 DBAD/PUB 595.00 305.4 चौहान HN-88622 1 595.00 Hindi Books

© Delhi Public Library
Hit Counter
free hit counter